| 000 | 00299nam a2200133 i 4500 | ||
|---|---|---|---|
| 001 | bg | ||
| 100 | 1 | _aMORAVANSZKY, Akos | |
| 245 | 0 |
_aGaudi Antoni / _cAkos Moravanszky. |
|
| 260 |
_aWarszawa, _c1983. |
||
| 040 | _cBPK | ||
| 041 | _apol | ||
| 942 | _cKS | ||
| 008 | s pl f |000 0 pol | ||
| 999 |
_c22434 _d22434 |
||
| 856 |
_uhttp://koha.tu.koszalin.pl/cgi-bin/koha/opac-detail.pl?biblionumber=22434 _yKatalog online BPK |
||